000 00788cab a2200229 4500
001 ABS52136
008 090401t1995 xxu||||| |||| 00| 0 eng d
035 _a(Sirsi) u62949
041 _aeng
100 _aGibbard, R.
245 _aBusiness tenancies for farms
260 _c1995
350 _a0
490 _aEstates Gazette
_v(9501) 7 January 1995, 106-107(2)
520 _aCritical review of "New farms and land 1995-97", an RICS investigation into new lettings likely to result from reform of farm tenancy legislation.
650 _aAGRICULTURAL TENANCIES BILL
650 _aPROPERTY-LANDLORD AND TENANT-TENANCIES-AGRICULTURAL TENANCIES
650 _aFARM BUSINESS TENANCIES
690 _aLANDLORD AND TENANT-AGRICULTURAL TENANCIES
942 _n0
948 _c04/03/1997
999 _c39116
_d39116